| 000 | 01084nam a22002657a 4500 | ||
|---|---|---|---|
| 003 | OSt | ||
| 005 | 20230228203315.0 | ||
| 008 | 230220t2012 ck |||ar|||| 00| j spa d | ||
| 020 | _a9789588756530 | ||
| 040 |
_aCO-JMCR _cCO-JMCR |
||
| 041 | 1 | _aspa | |
| 082 | 0 | 4 |
_aA / _bDIAh _223 |
| 100 | 1 |
_aDíaz, Francesca, _eautora _942694 |
|
| 245 | 1 | 1 |
_a¡Habitación desordenada! / _cpor Checa Díaz ; traducción, Andrea Moure Bejarano |
| 260 |
_aBogotá : _bPanamericana, _c©2012 |
||
| 300 |
_a[12] páginas : _bilustraciones a color ; _c18 cm. |
||
| 490 | 0 | _aLibro de conejito y bebé | |
| 520 | 3 | _a¡Oh, qué desorden! Seguro que conejito necesita un poco de ayuda para ordenar su habitación. ¡Si dedicas un momento a ayudarle a recoger sus cosas, tender su cama y arreglar todo, también ganarás una estrella. | |
| 650 | 1 | 4 |
_aLibro álbum _92184 _xinfantil |
| 650 | 2 | 4 | _aLiteratura infantil |
| 650 | 2 | 4 |
_aLibros animados para niños _942711 |
| 650 | 2 | 4 |
_aHábitos en los niños _vLibro álbum _942714 |
| 700 | 1 |
_aMoure Bejarano, Andrea, _etraductora _942695 |
|
| 942 |
_2ddc _cBK |
||
| 999 |
_c30010 _d16394 |
||